| 000 | 00896nam a22003017a 4500 | ||
|---|---|---|---|
| 003 | CHAP | ||
| 005 | 20220329134428.0 | ||
| 008 | 971013s1985 r 00010 d | ||
| 010 | _a20369 | ||
| 011 | _a21341 | ||
| 035 | _a25431 | ||
| 040 | _cCHAP | ||
| 082 |
_a595.752 _bD5 |
||
| 100 | 0 | 0 |
_aDixon, A. F. G. _933048 |
| 245 | _aAphid ecology | ||
| 260 |
_aGalsgow : _bBlackie, _c1985 |
||
| 300 |
_a157 p. _b: ilus. ; gráfs. |
||
| 590 |
_aBATCH-UPD _b10 _c20130110 _lUCH01 _h0314 |
||
| 590 |
_aBATCH-UPD _b10 _c20130110 _lUCH01 _h1417 |
||
| 590 |
_aBATCH-UPD _b10 _c20130409 _lUCH01 _h2347 |
||
| 590 |
_aBATCH-UPD _b10 _c20130913 _lUCH01 _h2004 |
||
| 590 |
_aCONVERSION _b10 _c20130109 _lUCH01 _h1312 |
||
| 650 | 1 | 4 |
_aAfídidos. _91031 |
| 650 | 1 | 4 |
_aEcología de insectos. _935172 |
| 901 | _aBK | ||
| 942 | _cLIBRO | ||
| 949 |
_a595.752 D5 _bBC _cLIBRO _d33724000370060 _eLIBRO _gI.125732 _h65155 _i25431 _si |
||
| 999 |
_c20369 _d20369 |
||